[Event "Top 12 FRA-chT 2017"]
[Site "Chartres"]
[Date "2017.05.23"]
[Round "6"]
[White "Shoker, Samy"]
[Black "Fressinet, Laurent"]
[Result "1/2-1/2"]
[WhiteElo "2498"]
[BlackElo "2668"]
[Annotator "TA"]
[PlyCount "101"]
[EventDate "2017.??.??"]
[EventType "team-tourn"]
[EventCountry "FRA"]
[SourceTitle "playchess.com"]
[Source "ChessBase"]
[SourceQuality "1"]
[WhiteTeam "Bois-Colombes"]
[BlackTeam "Clichy"]

{[%evp 9,101,-18,4,-6,31,0,5,0,0,0,13,8,22,19,55,68,65,66,116,130,125,105,156,82,62,63,89,67,75,70,79,75,73,60,88,71,112,96,131,130,143,131,131,132,114,99,99,95,95,102,103,109,115,94,96,93,91,82,91,77,86,85,78,65,74,57,57,68,91,85,86,60,72,60,62,60,106,56,56,0,0,0,0,0,0,0,0,0,0,0,0,0,0,0]} 1. Nf3 d5 2. g3 g6 3. Bg2 Bg7 4. O-O e5 5. c4 c6 (5... dxc4 6. Qa4+ Nc6 7. Nxe5 Bxe5 8. Bxc6+ bxc6 9. Qxc6+ Bd7 10. Qe4 f6 11. f4 Bf5 12. Qc6+ Bd7 13. Qe4 Bf5 14. Qe3 Bh3 {½-½ (45) Zhigalko,A (2591)-Ding,L (2753) Baku 2016}) 6. Qa4 {A07: Réti Opening: New York and Capablanca Systems} d4 7. d3 Ne7 8. Nbd2 O-O 9. b4 Nd7 10. Rb1 a6 $146 ({Predecessor:} 10... b6 11. Qc2 Qc7 12. Ne4 Nf6 13. Nxf6+ Bxf6 {½-½ (42) Pavlovic,M (2471)-Kritz,L (2544) Biel 2005}) 11. Qc2 Nf5 12. c5 $36 {[%mdl 2048] White has some pressure.} Re8 13. Nc4 Rb8 14. e4 dxe3 15. fxe3 Nf6 (15... Re7 $142 16. e4 Nh6) 16. e4 ({Not} 16. Ncxe5 Nd5 $11) (16. Nfxe5 $142 {And now e4 would win.} Nd5 17. Nxf7 Kxf7 18. g4) 16... Nd4 $16 17. Nxd4 Qxd4+ 18. Kh1 {Hoping for Nd6.} Qd8 19. Bb2 Ng4 20. h3 Nh6 21. Rbd1 Qg5 22. g4 Qe7 23. Bc1 g5 24. Be3 Be6 25. Nd6 Red8 26. a4 f6 27. d4 exd4 28. Bxd4 Nf7 29. Nf5 Bxf5 30. exf5 Ne5 {[#]} 31. b5 $1 {[%mdl 512]} axb5 32. axb5 Kh8 33. Qb3 Bf8 34. Rfe1 Rxd4 35. Rxd4 {[#] bxc6 is the strong threat.} Qxc5 36. Red1 {Strongly threatening bxc6.} (36. Rdd1 $5 {[%cal Rb5c6]} Qxb5 37. Qxb5 cxb5 38. Re2 $14) 36... Re8 37. bxc6 bxc6 38. R4d2 Qe7 39. Qa4 Rc8 40. Qa6 Rc7 41. Rd8 Kg7 42. Ra8 Qc5 43. Qa2 Re7 44. Qb2 (44. Qe2 $14) 44... Nd3 $1 $11 {[%cal Rd3b2] The position is equal.} 45. Qb8 {[%csl Ga8][%cal Rb8f8]} Re1+ 46. Rxe1 Nf2+ $1 47. Kg1 Nxg4+ 48. Kh1 Nf2+ 49. Kg1 Ng4+ 50. Kh1 Nf2+ 51. Kg1 {Precision: White = 59%, Black = 64%.} 1/2-1/2

[Event "Top 12 FRA-chT 2017"]
[Site "Chartres"]
[Date "2017.05.23"]
[Round "6"]
[White "Sebag, Marie"]
[Black "Bailet, Pierre"]
[Result "1/2-1/2"]
[WhiteElo "2488"]
[BlackElo "2519"]
[Annotator "TA"]
[PlyCount "96"]
[EventDate "2017.??.??"]
[EventType "team-tourn"]
[EventCountry "FRA"]
[SourceTitle "playchess.com"]
[Source "ChessBase"]
[SourceQuality "1"]
[WhiteTeam "Strasbourg"]
[BlackTeam "Vandoeuvre"]

{[%evp 22,96,14,10,8,6,0,0,0,0,0,0,0,0,0,0,0,0,0,-124,-117,-170,-14,-170,-170,-170,-170,-169,-162,-172,-172,-160,-163,-169,-170,-183,-98,-117,-27,-34,-16,-32,-38,-35,-25,-99,-95,-104,-60,-130,-124,-132,-112,-160,-144,-162,-162,-162,-162,-162,-162,-162,0,0,0,0,0,0,0,0,0,0,0,0,0,-3,0]} 1. e4 e5 2. Nf3 Nc6 3. Bb5 a6 4. Ba4 Nf6 5. O-O Be7 6. Re1 b5 7. Bb3 O-O 8. a4 b4 9. d4 d6 10. dxe5 Nxe5 11. Nxe5 {C88: Closed Ruy Lopez: Anti-Marshall Systems} dxe5 12. Qe2 {LiveBook: 28 Games} (12. Qf3 {feels hotter.} Bc5 13. h3 Qe7 14. Nd2 a5 15. Nc4) 12... a5 13. Nd2 Bc5 {[#]} 14. h3 $146 ({Predecessor:} 14. Nc4 Qe7 15. Be3 Ba6 16. Bxc5 Qxc5 17. Qe3 Qxe3 18. Nxe3 Rfd8 {½-½ (130) Ragger,M (2697)-Grandelius,N (2642) Wijk aan Zee 2017}) 14... Bb7 15. Bc4 Qe7 16. Bd3 h6 17. Nc4 Rfd8 18. Be3 Bd4 $36 {[%mdl 2048] Black has good play.} 19. Bxd4 Rxd4 20. c3 (20. Qf3 $11) 20... bxc3 $1 $17 21. bxc3 {[#]} (21. Qc2 $17) 21... Rdd8 $2 (21... Rxd3 $1 $19 {[%mdl 512]} 22. Qxd3 Ba6) 22. Qe3 $2 {[#]} (22. Ne3 $11 {and White has nothing to worry.}) 22... Rxd3 $1 $19 {[%mdl 512]} 23. Qxd3 {[#]} Ba6 $1 24. Reb1 Qc5 25. Rb5 Bxb5 26. axb5 Qxb5 27. Rb1 Qc5 28. Ne3 Qd6 ({Black should play} 28... a4 $19 29. Ra1 g6) 29. Qb5 g6 (29... a4 $17 {aiming for ...a3.} 30. Nf5 Qb6 31. Qxb6 cxb6) 30. Rd1 $11 Qe6 (30... Qb6 $5 {[%cal Rb6b5]} 31. Qxe5 a4 $15) 31. Qb7 Qc8 32. Qc6 Kg7 33. Nc4 (33. Ra1 $1 $11 {keeps the balance.}) 33... Qa6 34. Qc5 Nxe4 35. Qxe5+ (35. Qxc7 $15 Qe6 36. Ne3) 35... Nf6 $17 36. Ne3 Qc6 37. Ng4 a4 {[%cal Ba5a4,Ba4a3,Ba3a2][%mdl 32]} 38. Nxf6 Qxf6 39. Qxc7 {[%mdl 4096] Endgame KQR-KQR} a3 40. Ra1 a2 41. Qc4 Qf5 $2 ({Better is} 41... Qb6 $19 42. Qd4+ Qxd4 43. cxd4 Kf6) 42. Qb3 $1 $11 {The position is equal.} Qa5 43. c4 Qa4 44. Qb2+ Kh7 45. c5 Rd8 46. Qe2 Ra8 {Strongly threatening ...Qb3.} 47. Qb2 Qc4 {[#] next ...Re8 is good for Black.} 48. c6 $1 {[%mdl 512]} Qxc6 {Precision: White = 54%, Black = 64%.} 1/2-1/2

[Event "Top 12 FRA-chT 2017"]
[Site "Chartres"]
[Date "2017.05.23"]
[Round "6"]
[White "Wirig, Anthony"]
[Black "Istratescu, Andrei"]
[Result "1/2-1/2"]
[WhiteElo "2486"]
[BlackElo "2596"]
[Annotator "TA"]
[PlyCount "54"]
[EventDate "2017.??.??"]
[EventType "team-tourn"]
[EventCountry "FRA"]
[SourceTitle "playchess.com"]
[Source "ChessBase"]
[SourceQuality "1"]
[WhiteTeam "Grasse Echecs"]
[BlackTeam "Mulhouse Philidor"]

{[%evp 22,23,0,0]} 1. d4 d5 2. Nf3 Nf6 3. c4 c6 4. cxd5 cxd5 5. Nc3 Nc6 6. Bf4 Bf5 7. e3 e6 8. Bd3 Bxd3 9. Qxd3 Bd6 10. Bxd6 Qxd6 11. O-O O-O 12. Rfc1 {LiveBook: 527 Games} {Predecessor:} Rfc8 $146 13. h3 h6 14. Nd2 Nd7 15. Ne2 Rc7 16. a3 Rac8 17. Rc3 Ne7 18. Rac1 Rxc3 19. Rxc3 Rxc3 20. Qxc3 Qc6 21. Kf1 Kf8 22. Qxc6 Nxc6 23. Nc3 Ke7 24. Ke2 a6 25. Kd3 Kd6 26. f4 f5 27. Ne2 Nf6 {½-½ (27) Li,C (2720)-Bu,X (2705) Doha 2016} 1/2-1/2

[Event "Top 12 FRA-chT 2017"]
[Site "Chartres"]
[Date "2017.05.23"]
[Round "6"]
[White "Battaglini, Gabriel"]
[Black "Rambaldi, Francesco"]
[Result "0-1"]
[WhiteElo "2475"]
[BlackElo "2542"]
[Annotator "TA"]
[PlyCount "88"]
[EventDate "2017.??.??"]
[EventType "team-tourn"]
[EventCountry "FRA"]
[SourceTitle "playchess.com"]
[Source "ChessBase"]
[SourceQuality "1"]
[WhiteTeam "Tremblay-En-France"]
[BlackTeam "Nice Alekhine"]

{[%evp 20,88,24,19,28,6,18,16,0,0,0,-74,-82,-31,0,0,0,0,0,0,0,-52,-53,-85,-94,-275,-284,-284,-285,-280,-279,-373,-284,-295,-287,-274,-272,-306,-301,-254,-275,-310,-297,-303,-294,-312,-327,-315,-323,-323,-315,-373,-256,-260,-259,-238,-246,-29975,-29976,-29976,-29977,-29977,-29978,-29978,-29979,-29979,-29980,-29980,-29981,-29989,-29990]} 1. d4 Nf6 2. c4 e6 3. Nc3 d5 4. cxd5 exd5 5. Bg5 Be7 6. e3 c6 7. Bd3 O-O 8. Qc2 Nbd7 9. Nf3 Re8 10. O-O g6 11. h3 Nh5 {D36: Queen's Gambit Declined: Exchange Variation: Main line (5 Bg5 c6 6 Qc2)} 12. Bh6 (12. Bxe7 Qxe7 13. Rab1 Nb6 14. b4 a6 15. a4 Ng7 16. b5 axb5 17. axb5 c5 18. dxc5 Qxc5 19. Nd4 {1-0 (42) Erdos,V (2597)-Trella,T (2400) Deizisau 2011}) 12... Nb6 13. g4 $146 ({Predecessor:} 13. Ne5 Bf8 14. Bxf8 Rxf8 15. g4 Ng7 16. f4 f6 17. Nf3 Qd6 18. Kh1 Bd7 19. Rg1 {0-1 (76) Komljenovic,D (2492)-Lorenzini,M (2412) Linares 2005}) 13... Ng7 {The position is equal.} 14. Ne5 Bd6 15. Bxg7 (15. Bf4 $1 $11 {keeps the balance.}) 15... Kxg7 $17 16. f4 c5 {Black wants to play ...c4.} 17. Qd2 cxd4 18. exd4 f6 19. Nf3 $1 Bd7 20. b3 (20. f5 $11) 20... Rc8 $15 {...Bb4 is the strong threat.} 21. Ne2 Qe7 $36 {[%mdl 2048] Keeping White busy.} 22. Kg2 $2 {[#]} (22. Rf2 $17) 22... Nc4 $1 $19 {[%mdl 512]} 23. bxc4 dxc4 24. Nc3 {And now Rae1 would win.} cxd3 25. Rae1 Qf7 26. Qxd3 Rxe1 ({But not} 26... Bxf4 27. d5 $19) 27. Rxe1 Bb4 ({Don't do} 27... Bxf4 28. d5 $17) 28. Rc1 Bxc3 29. Rxc3 Qxa2+ 30. Kg3 Rxc3 31. Qxc3 Bc6 32. g5 {[#]} Qd5 $1 33. gxf6+ Kxf6 34. Ne1 h6 35. Qa3 Kf7 36. Qxa7 Qb3+ 37. Kf2 Qb2+ 38. Ke3 $2 (38. Kf1 $19) 38... Qc1+ {Black mates.} 39. Ke2 Bb5+ 40. Nd3 Qc2+ 41. Ke1 Qxd3 {[%csl Gb5][%cal Rd3e2]} 42. Qxb7+ Kf6 {[%csl Gb5][%cal Rd3e2]} 43. Qb6+ Kf5 {[%csl Gb5][%cal Rd3e2]} 44. Qc5+ Ke4 {Precision: White = 44%, Black = 87%.} 0-1

[Event "Top 12 FRA-chT 2017"]
[Site "Chartres"]
[Date "2017.05.23"]
[Round "6"]
[White "Brunner, Nicolas"]
[Black "Sanikidze, Tornike"]
[Result "1/2-1/2"]
[WhiteElo "2459"]
[BlackElo "2518"]
[Annotator "TA"]
[PlyCount "78"]
[EventDate "2017.??.??"]
[EventType "team-tourn"]
[EventCountry "FRA"]
[SourceTitle "playchess.com"]
[Source "ChessBase"]
[SourceQuality "1"]
[WhiteTeam "Vandoeuvre"]
[BlackTeam "Strasbourg"]

{[%evp 9,78,20,40,2,28,0,10,-6,-4,-50,-31,-24,-43,-49,-13,-26,-22,-23,-14,-24,-27,-32,-29,-38,-24,-37,-52,-120,-70,-281,-262,-289,-290,-297,-196,-207,-142,-252,-261,-237,-217,-239,-235,-229,-231,-250,-78,-78,-71,-82,-83,-90,-58,-59,-37,-60,-9,-91,-90,-90,-9,-65,-9,-52,-50,-90,-90,-90,-90,-90,-90]} 1. d4 f5 2. Bg5 d6 3. h4 (3. e3 g6 4. Nc3 Bg7 5. Bc4 Nf6 6. Nf3 c6 7. Bb3 d5 8. Ne2 Be6 9. Nf4 Bf7 10. Nd3 h6 11. Bf4 {0-1 (51) Georgiev,K (2644)-Wang,H (2729) Dubai 2014}) 3... Nd7 4. Nc3 $146 ({Predecessor:} 4. Qd3 Ndf6 5. Nc3 c6 6. O-O-O b5 7. f3 Qa5 8. a3 b4 9. axb4 Qxb4 10. e4 Rb8 {1-0 (40) Boudy Bueno,J (2335)-Remon,A (2375) Cienfuegos 1983}) 4... Ngf6 5. e3 e6 6. Qf3 {A80: Dutch Defence: Unusual White second moves} d5 (6... h6 $5 {[%cal Rh6g5]} 7. Bxf6 Qxf6 $11) 7. Nge2 c6 8. O-O-O {The position is equal.} Bd6 9. Qh3 b5 {[%cal Bb7b5,Bb5b4][%mdl 32]} 10. Nf4 b4 11. Nce2 ({Reject} 11. Nxe6 Qe7 $17) 11... Qe7 (11... h6 $5 {[%cal Rh6g5]} 12. Bxf6 (12. Nxe6 hxg5 13. Nxd8 g4 $17) 12... Qxf6 $11) 12. Kb1 a5 13. f3 Qf7 14. Nd3 c5 15. dxc5 Nxc5 16. Nxc5 Bxc5 17. Nd4 O-O 18. Bd3 (18. Qh2 $1 $15) 18... a4 {Threatens to win with ...f4!} 19. Rhf1 $2 {[#]} (19. Qh2 $15) 19... f4 $1 $19 {[%mdl 512]} 20. g4 (20. exf4 Bxd4) 20... e5 21. Nf5 Bxf5 22. Bxf5 fxe3 23. Bxe3 (23. Bxf6 $17 Rfe8 24. Qg2) 23... Bxe3 24. g5 {[#] Be6 is the strong threat.} Ra6 $1 25. gxf6 Rxf6 26. Bd7 a3 27. Ba4 axb2 $2 {[#]} (27... e4 $19 {and Black stays clearly on top.} 28. Bb3 Rxf3 29. Rxf3 Qxf3 30. Qxf3 exf3 31. Bxd5+ Kh8 32. Bxf3 g5) 28. Rxd5 $1 $17 {[%mdl 512]} Kh8 (28... Qxd5 $2 29. Bb3 $19) 29. Rxe5 Bd4 30. Bb3 Qa7 ({But not} 30... Bxe5 $6 31. Bxf7 R6xf7 32. f4 $11) 31. Re6 Rf4 {White must now prevent ...Bc3.} 32. Re4 Qc7 ({Better is} 32... Qb8 $15) 33. Qe6 (33. h5 $11 {keeps the balance.}) 33... Rxe4 34. Qxe4 {[#]} Bc3 (34... Qe5 $1 $17 {[%cal Re5e4] ( -> ...Qxe4)} 35. Qxe5 Bxe5) 35. f4 (35. h5 $1 $11) 35... Qd8 ({Black should play} 35... g6 $15 36. Qf3 Qb8) 36. f5 Re8 37. Be6 Qd2 {Black is better.} 38. Qd3 Rd8 39. Qxd2 Rxd2 {Precision: White = 33%, Black = 54%.} 1/2-1/2

[Event "Top 12 FRA-chT 2017"]
[Site "Chartres"]
[Date "2017.05.23"]
[Round "6"]
[White "Ider, Borya"]
[Black "Libiszewski, Fabien"]
[Result "1/2-1/2"]
[WhiteElo "2456"]
[BlackElo "2544"]
[Annotator "TA"]
[PlyCount "17"]
[EventDate "2017.??.??"]
[EventType "team-tourn"]
[EventCountry "FRA"]
[SourceTitle "playchess.com"]
[Source "ChessBase"]
[SourceQuality "1"]
[WhiteTeam "Mulhouse Philidor"]
[BlackTeam "Grasse Echecs"]

{[%evp 11,17,21,13,16,30,9,29,-1]} 1. d4 Nf6 2. Nf3 g6 3. g3 Bg7 4. Bg2 O-O 5. O-O d6 6. b3 a5 7. Nc3 {A49: 1 d4 Nf6 2 Nf3 g6 3 g3: Anti-King's Indian systems} c6 8. a4 d5 9. Bf4 $146 ({Predecessor:} 9. Ba3 Re8 10. Re1 Bf5 11. Nh4 Be6 12. e3 Na6 13. Nf3 Bg4 {½-½ (26) Feller,S (2622)-Popovic,D (2542) Bol 2015}) 1/2-1/2

[Event "Top 12 FRA-chT 2017"]
[Site "Chartres"]
[Date "2017.05.23"]
[Round "6"]
[White "Babault, Patrice"]
[Black "Bellahcene, Bilel"]
[Result "1/2-1/2"]
[WhiteElo "2411"]
[BlackElo "2452"]
[Annotator "TA"]
[PlyCount "35"]
[EventDate "2017.??.??"]
[EventType "team-tourn"]
[EventCountry "FRA"]
[SourceTitle "playchess.com"]
[Source "ChessBase"]
[SourceQuality "1"]
[WhiteTeam "Nice Alekhine"]
[BlackTeam "Tremblay-En-France"]

{[%evp 19,35,18,23,10,27,18,49,51,58,53,63,50,39,52,50,40,33,47]} 1. e4 c5 2. Nf3 d6 3. d4 cxd4 4. Nxd4 Nf6 5. Nc3 a6 6. Be3 e5 7. Nf3 Qc7 8. a4 Be7 9. Be2 O-O 10. O-O b6 11. Qd3 {B90: Sicilian Najdorf: Unusual White 6th moves, 6 Be3 Ng4 and 6 Be3 e5} (11. Nd2 Be6 12. Bf3 Nbd7 13. Qe2 Rfc8 14. Rfc1 Qb7 15. Nf1 Bc4 16. Qd2 b5 17. axb5 axb5 18. Ng3 b4 19. Nd5 Bxd5 20. exd5 {0-1 (52) Movsesian,S (2659)-Swiercz,D (2616) Czechia 2015}) 11... Bb7 12. Nh4 {Black should prevent Nf5.} g6 13. Bh6 {White is slightly better.} Rd8 14. Nf5 Bf8 $1 15. Bxf8 (15. Bg5 $5 {[%cal Rg5f6]} Nbd7 16. Ne3 $11) 15... Kxf8 16. Ne3 Nbd7 17. f3 $146 ({Predecessor:} 17. Rad1 Nc5 18. Qc4 Ne6 {½-½ (33) Wojtaszek,R (2461)-Lanin,A (2306) Chalkidiki 2003}) 17... Kg7 18. Kh1 1/2-1/2

[Event "Top 12 FRA-chT 2017"]
[Site "Chartres"]
[Date "2017.05.23"]
[Round "6"]
[White "Brochet, Philippe"]
[Black "Colin, Vincent"]
[Result "1/2-1/2"]
[WhiteElo "2409"]
[BlackElo "2381"]
[Annotator "TA"]
[PlyCount "73"]
[EventDate "2017.??.??"]
[EventType "team-tourn"]
[EventCountry "FRA"]
[SourceTitle "playchess.com"]
[Source "ChessBase"]
[SourceQuality "1"]
[WhiteTeam "Montpellier"]
[BlackTeam "Lisieux"]

{[%evp 9,73,0,8,14,10,0,17,22,18,2,0,0,0,0,0,-8,0,0,-6,8,12,11,26,-106,-35,-79,-50,-64,8,21,0,0,90,70,157,153,493,226,226,129,129,129,130,131,136,136,138,100,100,100,100,100,100,100,106,100,100,95,95,95,95,0,99,99,117,0]} 1. e4 c5 2. Nc3 {[%cal Bb1c3,Bc3e2,Be2f4,Bf4h5][%mdl 32]} Nc6 3. Bb5 Nd4 4. Nge2 (4. Nf3 e6 5. O-O Ne7 6. Nxd4 cxd4 7. Ne2 a6 8. Bd3 Nc6 9. b3 Bc5 10. Bb2 O-O 11. f4 d5 12. Kh1 Bd7 13. exd5 exd5 14. a3 Re8 15. b4 Bb6 16. Ng3 {1-0 (64) Grischuk,A (2737)-Moiseenko,A (2657) Doha 2016}) 4... a6 5. Bc4 e6 6. Nxd4 {B23: Closed Sicilian: Lines without g3} cxd4 7. Ne2 Nf6 8. d3 {The position is equal.} Bc5 9. Nf4 Bb4+ $146 ({Predecessor:} 9... b5 10. Bb3 Bb7 11. O-O Qc7 12. Nh5 Nxh5 13. Qxh5 O-O 14. Qh3 Kh8 15. g4 f5 16. f3 Bd6 {½-½ (16) Ledger,D (2289)-Harman,K (2110) London 2004}) 10. Bd2 Bxd2+ 11. Qxd2 d5 12. exd5 e5 13. Qe2 O-O 14. Nh5 Qa5+ 15. Kf1 Nxd5 16. Qe1 (16. Qxe5 $2 Ne3+ $1 {[%mdl 512]} 17. Qxe3 dxe3 $19) (16. Re1 $1 $11 {keeps the balance.} f6 17. b4) 16... Nb4 (16... Qc5 $17 17. Qe4 (17. Qxe5 $2 Ne3+ 18. Qxe3 dxe3 $19) 17... Rd8) 17. f3 Qb6 (17... e4 $5 18. fxe4 Qxh5 19. Qxb4 Be6 $17) 18. Bb3 Qh6 (18... Qd6 $15) 19. Qxb4 $40 {[%mdl 128] Hoping for Ng3. White is up to no good.} ({Don't play} 19. Qxe5 Be6 $17) 19... Qxh5 20. Re1 a5 (20... Be6 $11) 21. Qe7 (21. Qb5 {looks sharper.} a4 22. Bc4 Be6 23. Bxe6 fxe6 24. Qxe5 Qxe5 25. Rxe5 Rfc8 26. Re2) 21... a4 (21... Bh3 $14 22. Kf2 (22. gxh3 $2 Qxf3+ 23. Kg1 Ra6 $19) (22. Qxb7 a4 $11) 22... Rfe8 23. Qxb7 Be6) 22. Rxe5 $16 Qxe5 $2 {[#]} (22... Bf5 $16 23. Bc4 Kh8) 23. Qxe5 (23. Bxf7+ $142 $1 {[%mdl 512]} Rxf7 24. Qxe5) 23... axb3 $18 24. cxb3 (24. a3 $18) 24... Rxa2 $16 {Threatens to win with ...Ra1+.} 25. Kf2 Rxb2+ 26. Kg3 Rxb3 27. Qxd4 Be6 28. Rd1 Rb5 29. h4 h5 30. Rd2 Rd5 31. Qb6 Rfd8 32. d4 R8d7 33. Kf2 R5d6 34. Qc5 Rd5 35. Qb6 R5d6 36. Qb4 Rd5 37. Qb6 {Precision: White = 47%, Black = 54%.} ({Better is} 37. Ke3 $16) 1/2-1/2

[Event "Top 12 FRA-chT 2017"]
[Site "Chartres"]
[Date "2017.05.23"]
[Round "6"]
[White "Godart, Francois"]
[Black "Rodshtein, Maxim"]
[Result "0-1"]
[WhiteElo "2404"]
[BlackElo "2698"]
[Annotator "TA"]
[PlyCount "72"]
[EventDate "2017.??.??"]
[EventType "team-tourn"]
[EventCountry "FRA"]
[SourceTitle "playchess.com"]
[Source "ChessBase"]
[SourceQuality "1"]
[WhiteTeam "Saint Quentin"]
[BlackTeam "Bischwiller"]

{[%evp 18,72,9,-14,-3,-17,0,-11,-17,-5,11,-1,20,0,0,0,0,0,32,18,22,22,24,22,27,22,58,53,92,94,103,70,66,-219,-213,-225,-196,-330,-355,-555,-552,-545,-548,-491,-461,-666,-404,-779,-347,-354,-350,-345,-345,-392,-318,-1424,-1404]} 1. d4 Nf6 2. Nf3 e6 3. Nbd2 d5 4. e3 b6 5. Bb5+ c6 6. Bd3 c5 7. b3 Bb7 8. Bb2 Bd6 9. O-O O-O 10. Ne5 Nc6 {D05: Colle System with ...e6} 11. a3 Ne7 12. Qe2 Rc8 {The position is equal.} 13. dxc5 bxc5 14. f4 (14. c4 Qc7 15. f4 Nf5 16. cxd5 Nxd5 17. Ndc4 Nf6 18. e4 {½-½ (68) Sambuev,B (2539)-Mareco,S (2645) chess.com INT 2017}) 14... Qc7 15. Rad1 Ng6 {[%cal Rg6e5]} 16. Ndf3 Bxe5 $146 ({Predecessor:} 16... Qb6 17. Ng5 c4 18. Bxg6 hxg6 {½-½ (78) Stanec,N (2447)-Sadilek,P (2248) Vienna 2016}) 17. Nxe5 Rfd8 18. c4 dxc4 19. Nxc4 Ne4 20. Qc2 f5 21. Nd2 {[%cal Rd2e4]} Nxd2 22. Rxd2 Ne7 {[%cal Bg6e7,Be7d5,Bd5e3][%mdl 32]} 23. Bc4 Nd5 24. Be5 Qf7 25. e4 $2 {[%mdl 8192]} (25. Rfd1 $14 {stays ahead.}) 25... Ne3 $1 $19 {[%csl LRc2,LRe4,LRf1]} 26. Rxd8+ Rxd8 27. Qc3 (27. Qe2 $142 Nxf1 28. exf5 Qxf5 29. Bc7) 27... Nxf1 28. exf5 (28. Kxf1 $142 Bxe4 29. Qg3) 28... Qxf5 {Strongly threatening ...Nd2.} 29. Bxf1 Rd1 {White must now prevent ...Ba6.} 30. Qc4 Qg6 {[%csl Gb7][%cal Rg6g2]} 31. Kf2 (31. Qe2 $142 Qb1 32. h3) 31... h5 32. b4 {[#]} (32. Qe2 $142 Rc1 33. Qd3 Rc2+ 34. Ke3 Qxd3+ 35. Bxd3 Rxg2 36. f5) 32... cxb4 (32... Bxg2 $142 $1 {[%mdl 512]} 33. Bxg2 Rd2+ 34. Ke3 Rxg2) 33. axb4 {[#]} Bxg2 $1 {[%mdl 512]} 34. Be2 ({Wrong is} 34. Bxg2 $2 Rd2+ 35. Ke3 Rxg2 $19) 34... Rd2 35. Ke3 Rc2 36. Qd4 $2 (36. Qd3 Qxd3+ 37. Kxd3 Be4+ 38. Ke3) 36... Bd5 {Precision: White = 31%, Black = 45%.} 0-1

[Event "Top 12 FRA-chT 2017"]
[Site "Chartres"]
[Date "2017.05.23"]
[Round "6"]
[White "Stephan, Victor"]
[Black "Vidal, Llewellyn"]
[Result "1/2-1/2"]
[WhiteElo "2365"]
[BlackElo "2193"]
[Annotator "TA"]
[PlyCount "88"]
[EventDate "2017.??.??"]
[EventType "team-tourn"]
[EventCountry "FRA"]
[SourceTitle "playchess.com"]
[Source "ChessBase"]
[SourceQuality "1"]
[WhiteTeam "Lisieux"]
[BlackTeam "Montpellier"]

{[%evp 13,88,-52,-52,-40,-38,-22,-11,-14,0,4,-20,-27,-16,-27,-43,-36,-16,-45,-27,-33,-37,-58,-37,-119,-22,-104,-118,-91,0,0,23,22,5,14,0,7,125,147,119,129,156,151,138,153,149,149,273,267,308,319,340,297,274,-57,17,0,0,0,0,0,0,0,0,0,0,0,0,0,0,0,0,0,0,0,0,-29996,-29997]} 1. d4 d5 2. c4 c6 3. Nf3 Nf6 4. Nc3 dxc4 5. e4 {[%cal Be2e4,Be4e5][%mdl 32]} b5 6. e5 Nd5 7. a4 e6 8. Be2 {D15: Slav Defence: 4 Nc3 a6 and gambit lines after 4 Nc3 dxc4} Bb7 9. O-O Be7 (9... Nd7 10. Ne4 a6 11. Nfg5 Be7 12. Bh5 O-O 13. Qf3 Bxg5 14. Nxg5 Qe7 15. Qh3 h6 {1-0 (31) Salem,A (2656)-Ivanchuk,V (2747) Doha 2016}) 10. Ne4 {The position is equal.} a6 11. Bg5 O-O 12. Qd2 Bxg5 $146 ({Predecessor:} 12... Nd7 13. Nd6 Rb8 14. Rfe1 h6 15. Bxe7 Qxe7 16. axb5 cxb5 17. Nxb7 Rxb7 18. Rxa6 {1-0 (25) Salem,A (2586)-Akar,A (2284) Sharjah 2014}) 13. Nfxg5 h6 14. Nh3 Nd7 15. Ra3 {[#]} c5 $1 {[%mdl 512] ...cxd4 is the strong threat.} 16. Rg3 $1 {Qxh6 would kill now.} (16. dxc5 Nxe5) 16... Kh8 17. Nd6 Bc6 18. Bf3 (18. Nf4 $15) 18... f6 (18... bxa4 $6 19. dxc5 Nxc5 20. Qd4 $11) (18... cxd4 $17 19. Qxd4 f6 20. axb5 (20. Bxd5 $2 Bxd5 21. Qg4 Qe7 $17) 20... axb5) 19. Bxd5 (19. axb5 $11 axb5 20. Bxd5 (20. Nf4 Nxf4 21. Bxc6 fxe5 $17) 20... Bxd5 21. Nf4) 19... Bxd5 $17 20. Nf4 fxe5 ({Better is} 20... cxd4 $17 21. Ng6+ Kg8 22. Nxf8 Qxf8) 21. Ng6+ $11 Kg8 22. Nxf8 Qxf8 23. dxe5 Nxe5 24. Qxh6 $1 Ra7 (24... g6 $1 $11 25. Qg5 Qxd6) 25. Ne4 $1 $16 Rf7 26. Nc3 Rf6 27. Qe3 Nd3 28. axb5 axb5 29. Nxb5 Qb8 (29... Nxb2 $16 {was necessary.} 30. Nc3 Nd3) 30. Nc3 $18 ({Don't play} 30. Qg5 $6 Rf7 $18) 30... Bc6 31. Ne4 Rf5 32. Qh6 {[%csl Gg3][%cal Rh6g7]} Qe5 33. Nd6 $2 (33. Rxg7+ $1 $18 Qxg7 34. Qxe6+ Rf7 35. Qxc6) 33... Rh5 (33... Nf4 $1 $15 34. Qxg7+ (34. Rg4 Ne2+ 35. Kh1 Rh5 $17) 34... Qxg7 35. Rxg7+ Kxg7 36. Nxf5+ exf5) 34. Qg6 Nf4 $1 {[%cal Rf4g6]} 35. Qf7+ Kh7 36. Nxc4 Ne2+ 37. Kh1 Nxg3+ 38. fxg3 Qe2 {[%csl Gc6][%cal Re2g2]} 39. Ne3 Re5 40. Rf4 Re4 41. Rf3 Re5 $40 {[%mdl 128] White needs to defend precisely.} (41... Rxe3 $5 42. Qh5+ $8 Kg8 43. Qf7+ Kh8 44. Qh5+ Kg8 45. Qf7+ Kh8 46. Qh5+ Kg8 $11) 42. Rf4 {aiming for Rh4+.} Re4 {White must now prevent ...Be8.} 43. Rf3 Rxe3 (43... Re5 $5 44. Rf4 $8 $11) 44. Qg8+ $2 {[%mdl 8192] [#]} (44. Qh5+ $11 Kg8 45. Qf7+ Kh8 46. Qh5+ Kg8 47. Qf7+ Kh8 48. Qh5+ Kg8) 44... Kxg8 {[%mdl 32768] Precision: White = 51%, Black = 42%. . An unexpected result.} 1/2-1/2